Quiz sur les creatures d Harry potter - Statistiques

Statistiques générales
  • Ce quiz a été pris 211 fois
  • Le résultat moyen est 10 sur 28
Statistiques - réponses
Les creatures Reponses % Correct
Harry potter et le prisonnier d azkaban hippogriffe
73%
Harry potter et la chambre des secrets Basilic
70%
Harry potter a l ecole des sorciers dragon
69%
harry potter et l ordre du phenix Centaure
60%
Harry potter et la chambre des secrets acromentule
57%
Harry potter a l ecole des sorciers Licorne
56%
Harry potter et la chambre des secrets phenix
53%
Harry potter a l ecole des sorciers Cerbère
52%
Harry potter et la chambre des secrets Elfes de maison
49%
Harry potter et le prisonnier d azkaban Loup garou
44%
Harry potter A l ecole des sorciers gobelin
42%
harry potter et l ordre du phenix Sombral
40%
Harry potter a l ecole des sorciers troll
39%
harry potter et l ordre du phenix Geant
38%
Harry potter et la coupe de feu Sirene
38%
Harry potter et la coupe de feu Serpent/nagini
33%
Harry potter et le prisonnier d azkaban Strangulo
28%
Harry potter et le prisonnier d azkaban Detraqueurs
27%
Harry potter et le prisonnier d azkaban Epouvantard
24%
Harry potter et la chambre des secrets Lutin de cornouailles
18%
Harry potter et la coupe de feu Scrout a petard
12%
Harry potter a l ecole des sorciers Firenze
11%
Harry potter et la coupe de feu Abraxan
6%
Harry potter a l ecole des sorciers Peeves
4%
Harry potter a l ecole des sorciers la dame grise
3%
Harry potter a l ecole des sorciers le baron sanglant
3%
Harry potter a l ecole des sorciers le moine gras
3%
Harry potter a l ecole des sorciers nick quasi sans tete
3%
Aucun quiz correspondant
Distribution des résultats
% des personnes avec chaque résultat
Percentile par nombre de réponses
Votre historique - résultats
Vous n’avez pas pris ce quiz